טוען...

Census of India, [1971]: Indian census in perspective /

מידע ביבליוגרפי
מחבר תאגידי: Registrar General (Office of the-), India
פורמט: Printed Book
שפה:English
יצא לאור: Delhi : India Ministry of Home Affairs, 1972.
סדרה:Census centenary monograph. Ed by S C Srivastava.1
LEADER 00590nam a2200133Ia 4500
008 150624b xxu||||| |||| 00| 0 eng d
082 |a 312.0954 
110 |a Registrar General (Office of the-), India 
245 |a Census of India, [1971]:  |b Indian census in perspective /  |c Registrar General (Office of the-), India 
260 |a Delhi :  |b India Ministry of Home Affairs,  |c 1972. 
490 |a Census centenary monograph. Ed by S C Srivastava.1 
942 |c BK 
999 |c 9639  |d 9639 
952 |0 1  |1 0  |2 ddc  |4 1  |6 312_095400000000000_R  |7 0  |8 REF  |9 9638  |a UL  |b UL  |c Ref2  |d 1998-09-01  |l 0  |o 312.0954 R  |p 14810  |r 2012-10-27  |x R3  |y REF